000 00615nam a2200217Ia 4500
005 20230429094111.0
008 230125s9999 xx 000 0 und d
020 _a978-93-5367-734-3
041 _aeng
082 _a302.35
_bPAN
100 _aPandey M (Publisher)
245 _aObjectives and MCQs in Organizational Behaviour
250 _a1st. Ed.
260 _c2019
_bHimalaya Publishing House
_aMumbai
300 _a367p
500 _aOB;MCQs in Organizational Behaviour
650 _aOB;MCQs in Organizational Behaviour
_9181301
700 _aPandey M (Publisher)
906 _b118.75
942 _cBK
999 _c96467
_d96467